LEADER 03645 am 22006733u 450 001 9910135398303321 005 20230517215124.0 010 $a1-925021-61-0 035 $a(CKB)3810000000000120 035 $a(EBL)4567396 035 $a(SSID)ssj0001562656 035 $a(PQKBManifestationID)16215046 035 $a(PQKBTitleCode)TC0001562656 035 $a(PQKBWorkID)14821542 035 $a(PQKB)11714182 035 $a(MiAaPQ)EBC4567396 035 $a(oapen)https://directory.doabooks.org/handle/20.500.12854/32656 035 $a(EXLCZ)993810000000000120 100 $a20160715h20142014 fy 0 101 0 $aeng 135 $aurm|#---uuuuu 181 $ctxt$2rdacontent 182 $cc$2rdamedia 183 $acr$2rdacarrier 200 10$aHenry Prinsep's empire $eframing a distant colony /$fMichael Allbrook 210 $cANU Press$d2014 210 1$aCanberra, ACT, Australia :$cAustralian National University Press,$d2014. 210 4$dİ2014 215 $a1 online resource ( xx, 364 pages) $cillustrations; digital, PDF file(s) 225 1 $aANU Lives Series in Biography 300 $aDescription based upon print version of record. 311 08$aPrint version: 9781925021608 320 $aIncludes bibliographical references. 327 $aPages:1 to 25; Pages:26 to 50; Pages:51 to 75; Pages:76 to 100; Pages:101 to 125; Pages:126 to 150; Pages:151 to 175; Pages:176 to 200; Pages:201 to 225; Pages:226 to 250; Pages:251 to 275; Pages:276 to 300; Pages:301 to 325; Pages:326 to 350; Pages:351 to 364 330 $aHenry Prinsep is known as Western Australia?s first Chief Protector of Aborigines in the colonial government of Sir John Forrest, a period which saw the introduction of oppressive laws that dominated the lives of Aboriginal people for most of the twentieth century. But he was also an artist, horse-trader, member of a prominent East India Company family, and everyday citizen, whose identity was formed during his colonial upbringing in India and England. As a creator of Imperial culture, he supported the great men and women of history while he painted, wrote about and photographed the scenes around him. In terms of naked power he was a middle man, perhaps even a small man. His empire is an intensely personal place, a vast network of family and friends from every quarter of the British imperial world, engaged in the common tasks of making a home and a career, while framing new identities, new imaginings and new relationships with each other, indigenous peoples and fellow colonists. This book traces Henry Prinsep?s life from India to Western Australia and shows how these texts and images illuminate not only Prinsep the man, but the affectionate bonds that endured despite the geographic bounds of empire, and the historical, social, geographic and economic origins of Aboriginal and colonial relationships which are important to this day. 410 0$aANU Lives Series in Biography 606 $aColonial administrators$zAustralia$zWestern Australia$vBiography 610 $ahenry prinsep 610 $aaustralia 610 $ahistory 610 $aaboriginal 610 $aEngland 610 $aIndia 610 $aKolkata 610 $aLondon 610 $aPerth 610 $aWestern Australia 615 0$aColonial administrators 676 $a910.4509034 700 $aAllbrook$b Malcolm$0802898 702 $aWelbourn$b Nic 801 0$bMiAaPQ 801 1$bMiAaPQ 801 2$bMiAaPQ 801 2$bUkMaJRU 906 $aBOOK 912 $a9910135398303321 996 $aHenry Prinsep's Empire$91804181 997 $aUNINA LEADER 01245nam a2200289 i 4500 001 991003086499707536 005 20021125155017.0 008 020508s1999 it ita 020 $a8846415345$c13.43 035 $ab11752725-39ule_inst 035 $aLE02522472$9ExL 040 $aFac. Economia$bita 082 0 $a338.4 245 00$aArtigianato e sistema locale :$bil ruolo dei servizi nel vantaggio competitivo delle imprese artigiane /$cSergio Albertini ... [et al.] 260 $aMilano :$bAngeli,$cc1999 300 $a179 p. ;$c22 cm 490 0 $aEconomia e politica industriale ;$v137 650 4$aAziende artigiane$zFriuli-Venezia Giulia$xInchieste$y1996 650 4$aConsulenza aziendale$zFriuli-Venezia Giulia 650 4$aServizi alle imprese$zFriuli-Venezia Giulia$xInchieste$y1996 700 1 $aAlbertini, Sergio$eauthor$4http://id.loc.gov/vocabulary/relators/aut$0116941 907 $a.b11752725$b24-09-18$c27-11-02 912 $a991003086499707536 945 $aLE025 ECO 338.4 ALB02.02$g1$i2025000080119$lle025$nCatalogato 2018$o-$pE0.00$q-$rl$s- $t0$u6$v3$w6$x0$y.i11995774$z27-11-02 996 $aArtigianato e sistema locale$9904640 997 $aUNISALENTO 998 $ale025$b01-01-02$cm$da $e-$fita$git $h0$i1